Přátelství pod zámkem

Saved in:
Bibliographic Details
Main Author Hieková, Šárka
Other Authors Pavla Filip Navrátilová
Format Electronic eBook
LanguageCzech
Published Bambook 2026
Edition1. elektronické vydání
Subjects
Online AccessDostupné v BOOKPORT po přihlášení pomocí eduID
ISBN978-80-271-8469-9
978-80-271-5650-4
Physical Description1 online zdroj (152 stran)

Cover

LEADER 00000nam a2200000 i 4500
001 bkp12938
003 CZ-prgp
005 20260407112622.0
006 m o d
007 cr cn
008 260407s2026 xr o 000 0 cze
020 |a 978-80-271-8469-9  |c 237 Kč  |q (online ; pdf) 
020 |a 978-80-271-5650-4  |c 283 Kč  |q (print) 
040 |a Grada  |b cze  |e rda 
100 1 |a Hieková, Šárka 
245 1 0 |a Přátelství pod zámkem  |c Šárka Hieková, Pavla Filip Navrátilová 
250 |a 1. elektronické vydání 
264 1 |b Bambook  |c 2026 
300 |a 1 online zdroj (152 stran) 
336 |a text  |b txt  |2 rdacontent 
337 |a počítač  |b c  |2 rdamedia 
338 |a online zdroj  |b cr  |2 rdacarrier 
520 3 |a Eliška to ve škole nemá snadné - spolužačka ji šikanuje a dospělí její trápení přehlížejí. Naději jí přinese tajemná pozvánka do Klubu čtenářů, kde najde nové kamarády, kteří nejsou dokonalí ani neporazitelní, ale dokážou držet při sobě. Výlet na zámek jim ukáže, že opravdové přátelství je silnější než posměch a samota. 
650 0 4 |a Příběhy, deníky 
700 1 |a Pavla Filip Navrátilová 
856 4 0 |u https://www.bookport.cz/AccountSaml/SignIn/?idp=https://shibboleth.utb.cz/idp/shibboleth&returnUrl=/kniha/pratelstvi-pod-zamkem-15899/  |y Dostupné v BOOKPORT po přihlášení pomocí eduID